| 000 | 00685nam a2200229Ia 4500 | ||
|---|---|---|---|
| 003 | OSt | ||
| 005 | 20220925185019.0 | ||
| 006 | a|||||r|||| 00| 0 | ||
| 007 | ta | ||
| 008 | 220923b |||||||| |||| 00| 0 eng d | ||
| 037 | _cGeneral Book | ||
| 040 |
_aRTL _cRTL _beng |
||
| 041 |
_2eng _aeng |
||
| 082 | _aU:(G:55).2.N9, N2 | ||
| 100 | _aChaurasia B P | ||
| 245 | 0 |
_aEnvironmental pollution _b Perception and awareness |
|
| 260 |
_aAllahabad _bChugh Publications India _c1992 |
||
| 300 |
_axxi,413p. Bib p. 410-13 _ccm. |
||
| 650 |
_aGeography- Environment _9229896 |
||
| 942 |
_hU:(G:55).2.N9, N2 _cGB _2CC |
||
| 999 |
_c509538 _d509538 |
||